000 00995cam a22002651i 4500
003 SA-RiAUC
005 20250706110156.0
008 250705s2005____mk g b 000 0 ara c
040 _aOM-MuSQU
_bara
_cSA-RiAUC
_erda
082 0 4 _a254.1
090 _a254.1
_bخ ل ي
100 1 _aالخليلي، أحمد بن حمد،
_d1942-
_eمؤلف.
245 1 2 _aالإيلاء :
_bتعريفه، أركانه، شروطه، أحكامه /
_cأحمد بن حمد الخليلي.
264 1 _aمسقط :
_bمكتبة الجيل الواعد،
_c2005
300 _a465 صفحة ؛
_c24 سم
336 _aنص
_btxt
_2rdacontent
_3كتاب
337 _aبدون وسيط
_bn
_2rdamedia
338 _aمجلد
_bnc
_2rdacarrier
504 _aببليوجرافية : صفحة 457-460.
590 _aأسماء.
650 7 _aالإيلاء (فقه إسلامي)
_2aucsh
650 7 _aالزواج (فقه إسلامي)
_2aucsh
942 _2ddc
_cBOOK
_n0
949 _aSA-JeALM
_d250705
_umohamedma123
_n1
999 _c9534
_d9534